|
|
|
|
| LEADER |
00000nam a2200000 a 4500 |
| 001 |
vtls001395361 |
| 003 |
SK-MaSNL |
| 005 |
20260302071824.0 |
| 008 |
251124s1998 HU a r y 0 hun |
| 015 |
|
|
|a SNBZSA2000-00361
|
| 035 |
|
|
|a SNK000349714
|
| 040 |
|
|
|a SNK
|b slo
|c SNK
|e AACR2
|
| 041 |
0 |
|
|a hun
|
| 044 |
|
|
|a HU
|
| 080 |
|
|
|a 914.376(041)=945.11
|2 1981
|
| 080 |
|
|
|a 914.392
|2 1981
|
| 100 |
1 |
|
|a Udvari, István
|4 aut
|9 282527
|
| 245 |
1 |
2 |
|a A táj és az életmód néhány összefüggése a Garam völgyének településein a XVIII század utolsó harmadában
|c Udvari István, Viga Gyula
|
| 260 |
|
|
|a Nyíregyháza
|b [s.n.]
|c 1998
|
| 300 |
|
|
|a S. 333-345
|c 24 cm
|
| 500 |
|
|
|a Hlavičkový náz.
|
| 500 |
|
|
|a Sep. odt. z: A Felvidék történeti földrajza. - Nyíregyháza: [s.n.], 1998
|
| 504 |
|
|
|a Bibliogr. s. 343-345
|
| 648 |
|
7 |
|a 18. stor.
|2 SNK
|9 283423
|
| 650 |
0 |
7 |
|a historická geografia
|2 SNK
|9 1086
|
| 651 |
|
7 |
|a Horehronie (Slovensko : región)
|2 SNK
|9 165103
|
| 655 |
|
7 |
|a separáty
|2 SNK
|9 70334
|
| 700 |
1 |
|
|a Viga, Gyula
|d 1952-
|4 aut
|9 288117
|
| 958 |
|
|
|a ZS
|
| 958 |
|
|
|a TL
|
| 958 |
|
|
|a NB
|
| 958 |
|
|
|a HU
|
| 999 |
|
|
|c 1153813
|d 1155743
|
| 952 |
|
|
|t P60, <03>, [BOOK], {603}
|a SNK
|b SNK
|y PREZ
|7 0
|p 17A0256452
|o snkOSC 20920
|i snkV 1771/2000
|0 0
|1 0
|4 0
|d 2000-11-07
|l 0
|r 2005-01-02 00:00:00
|w 2026-02-24
|